Business model generation : a handbook for visionaries, game changers, and challengers

Gardado en:
Detalles Bibliográficos
Autor Principal: Osterwalder, Alexander
Formato: Libro
Publicado: Wiley
Tags: Engadir etiqueta
Sen Etiquetas, Sexa o primeiro en etiquetar este rexistro!

MARC

LEADER 00000nam a2200000Ia 4500
005 20260515061617.0
100 |a Osterwalder, Alexander, 
020 |a 9780470876411 
942 |c BK 
245 |a Business model generation : a handbook for visionaries, game changers, and challengers  
260 |b Wiley 
999 |c 63  |d 63 
952 |0 0  |1 0  |4 0  |7 0  |a ABDN  |b ABDN  |d 2026-05-15  |l 0  |p 000085  |r 2026-05-15 06:16:17  |w 2026-05-15  |y BK